Catálogo Biblioteca Central

Terrorism on the high seas (Registro nro. 3097)

Detalles MARC
000 -CABECERA
campo de control de longitud fija 00675naa a2200205 i 4500
001 - NÚMERO DE CONTROL
campo de control 3097
003 - IDENTIFICADOR DEL NÚMERO DE CONTROL
campo de control ES-MaBCM
005 - FECHA Y HORA DE LA ÚLTIMA TRANSACCIÓN
campo de control 20241016090726.0
008 - CÓDIGOS DE INFORMACIÓN DE LONGITUD FIJA
campo de control de longitud fija 880826s1988 usa 000 0 eng d
021 ## -
-- xx
035 ## - NÚMERO DE CONTROL DEL SISTEMA
Número de control de sistema (OCoLC)1365168706
040 ## - FUENTE DE LA CATALOGACIÓN
Centro transcriptor ES-MaBCM
041 0# - CÓDIGO DE LENGUA
Código de lengua del texto/banda sonora o título independiente eng
043 ## - CÓDIGO DE ÁREA GEOGRÁFICA
Código de área geográfica usa
100 1# - PUNTO DE ACCESO PRINCIPAL - NOMBRE DE PERSONA
Nombre de persona Halberstam, Malvina
9 (RLIN) 21122
245 10 - MENCIÓN DE TÍTULO
Título Terrorism on the high seas
Resto del título : the Achille Lauro piracy and the International Maritime Organization (IMO) Convention on Maritime Safety
Mención de responsabilidad etc. Malvina Halberstam
650 27 - PUNTO DE ACCESO ADICIONAL DE MATERIA--TÉRMINO DE MATERIA
Término de materia o nombre geográfico como elemento inicial Piratería
9 (RLIN) 59774
773 0# - ENLACE AL DOCUMENTO FUENTE
Encabezamiento principal En:
Título American journal of international law
Lugar editor y fecha de publicación Washington : 1988
Número de control del registro relacionado 104703
Parte(s) relacionada(s) nº 2, abril ; p. 269-310
942 ## - ELEMENTOS DE PUNTO DE ACCESO ADICIONAL (KOHA)
Tipo de ítem Koha Artículos de revistas
Existencias
Estado de retiro Estado de pérdida Estado dañado No para préstamo Localización permanente Ubicación/localización actual Fecha de adquisición Total de préstamos Precio válido a partir de Tipo de ítem Koha
        Biblioteca Central del Ministerio de la Presidencia Biblioteca Central del Ministerio de la Presidencia 21/04/2012   21/04/2012 Artículos de revistas